| 000 | 01203cab a2200217 4500 | ||
|---|---|---|---|
| 001 | ##L133105 | ||
| 008 | 060411n2006 000 0 eng u | ||
| 035 | _a(Sirsi) u133105 | ||
| 041 | 0 | _aeng | |
| 100 | 1 | _aJones, Peter | |
| 245 | 0 | 0 | _aNew environments to fight retail fatigue |
| 260 | _c2006 | ||
| 490 | 0 |
_aTown & Country Planning _v75(3) March 2006, 81-83(3) |
|
| 520 | _aIn the USA, a new breed of lifestyle shopping centres isemerging aimed at dispelling retail fatigue. They claim to combine a number of elements from traditional retail environments with new urbanism in an open-air shopping centre, promising to offer a range of speciality small retailers, a greater focus on clothes and various entertainment facilities and services. The tenant mix is designed specifically to encourage cross-shopping and are grouped according to target markets, rather than dispersed patterns, in order to encourage widespread customer circulation and shopping synergies. | ||
| 590 | _aIKA110604 | ||
| 650 | 2 | 4 | _aUNITED STATES |
| 690 | _aPROPERTY-COMMERCIAL PROPERTY-RETAIL PROPERTY-SHOPPING CENTRE, MALL AND ARCADE PROPERTY | ||
| 700 | 1 | _aHillier, David | |
| 700 | 1 | _aComfort, Daphne | |
| 942 | _n0 | ||
| 999 |
_c76804 _d76804 |
||